000
00358nam a2200157Ia 4500
003
0STCL
008
150530s9999 xx 000 0 und d
040
_a
STCL
_c
STCL
100
_a
Joyce; MacCabe; Ed
245
_a
New perspectives
260
_b
Harvester press
_c
1977
546
_a
English
942
_2
ddc
_c
BK
999
_c
50775
_d
50775
005
20220125170829.0